Responses for show #8333 - Wednesday, February 10, 2021

Contestants

[<< previous game]

Jared Wilke, a teacher from Half Moon Bay, California

Tiffany Seitler, a finance manager originally from Garfield, New Jersey

John Focht, a software team lead originally from El Paso, Texas (whose 2-day cash winnings total $58,800)

[next game >>]

Jeopardy! Round responses

PAID BY THE WORD: LEGAL EDITION
HISTORY QUICK SHOTS
LET'S DANCE!
CROATIA
WHAT DOES NOT KILL US...
MAKES US STRONGER
    $200 26
parcel

Tiffany
    $200 1
Cortés

John
    $200 16
tango

John
    $200 12
river

John
    $200 6
a (grizzly) bear

Tiffany
    $200 21
(Ken: I speak from experience; they don't like [*].)

a shot in the arm

Triple Stumper
    $400 27
quiet

Triple Stumper
    $400 2
a steamboat

John
    $400 17
(John: What is clave?)

the cha-cha

John
Triple Stumper
    $400 11
Zagreb

John
    $400 7
Sherlock Holmes

Tiffany
    $400 22
assets

John
    $600 28
testament

John
    $600 3
the Wars of the Roses

John
    $600 18
the Woah

Triple Stumper
    $600 13
(Ken: That's right and not many people get to say that on this stage.)
[Laughter]

Can I buy a vowel?

John
    $600 8
Kenny

Jared
    $600 23
bolster

Tiffany
    $800 29
breaking

Tiffany
    $800 4
(Tiffany: Who is Scopes?)

Darrow

JohnTiffany
    $800 19
(John: What is jeté ?)

a plié

JohnTiffany
    $2,500 14
the Adriatic

John
    $800 9
Juliet

Jared
    $800 24
supplement

Triple Stumper
    $1000 30
Credit

John
    $1000 5
(Jared: What is Rotterdam?)

The Hague

TiffanyJared
    $1000 20
bolero

John
    $1000 15
Dalmatia

John
    $1000 10
Blade Runner

Jared
    $1000 25
the cavalry

Jared

Scores at the first commercial break (after clue 15):

John Tiffany Jared
$6,700 $800 $1,400

Scores at the end of the Jeopardy! Round:

John Tiffany Jared
$8,700 $3,200 $2,400

Double Jeopardy! Round responses

PUBLIC SCULPTURE
SYNONYM ROLES
(Ken: You'll name the character whose synonym we've given.)
3-NAMED AUTHORS
GOVERNMENT & POLITICS
4-LETTER "F" WORDS
MATH IN THE WORLD
(Ken: In partnership with Olay, we're continuing to call attention to the gender gap in STEM fields. Presenting today's MATH IN THE WORLD category is founder of the Algorithmic Justice League, Joy Buolamwini.)
    $400 27
(Tiffany: What are broncos?)

mustangs

Tiffany
Triple Stumper
    $400 24
Blade

Jared
    $400 30
Ralph Waldo Emerson

Triple Stumper
    $400 19
The Pentagon

John
    $400 5
a font

Tiffany
    $400 1
combinations

Jared
    $800 28
angels

John
    $800 12
Mr. Bean

John
    $800 8
Harriet Beecher Stowe

Jared
    $800 20
purple

Jared
    $800 6
(Ken: [Sings] [*], is right.)

fame

John
    $800 2
a coordinate system

John
    $1200 25
the New York Public Library

John
    $1200 13
(Ken: From Beauty and the Beast, she was [*].)

Belle

Triple Stumper
    $1200 9
Samuel Taylor Coleridge

Jared
    $1200 21
gerrymander

John
    $1200 16
a fawn

Tiffany
    $1200 3
compounding

Jared
    $2,000 26
(Arthur) Guinness

John
    $1600 14
Maleficent

John
    $5,000 10
(Jared: Who is...)
(Ken: Hurry.)

Mary Higgins Clark

Jared
    $1600 22
the aisle

John
    $1600 17
a fiat

Jared
    $1600 4
facial recognition

Tiffany
    $2000 29
Jamaica

Triple Stumper
    $2000 15
Fletch

Triple Stumper
    $2000 11
Isaac Bashevis Singer

Triple Stumper
    $2000 23
(Tiffany: What is Homeland?)
[Ken says nothing]

Homeland Security

Tiffany
    $2000 18
a fief

John
    $2000 7
fractals

Jared

Scores at the end of the Double Jeopardy! Round:

John Tiffany Jared
$21,900 $8,000 $5,800
(lock game)

[wagering suggestions for these scores]

Final Jeopardy! Round responses

HISTORIC NAMESAKES
(Ken: [To John] The zeppelin, named for Paul von [*].)
JaredWhat is the Plane?
$2,201
TiffanyWhat is the Waldheim??
$7,900
JohnWhat is the Hindenberg?
$3,100
Hindenburg

Final scores:

John Tiffany Jared
$25,000 $100 $3,599
3-day champion: $83,800 3rd place: $1,000 2nd place: $2,000

Game dynamics:

Coryat scores:

John Tiffany Jared
$19,800 $8,000 $10,800
25 R
(including 2 DDs),
2 W
11 R,
2 W
12 R,
2 W
(including 1 DD)

Combined Coryat: $38,600

The J! Archive is created by fans, for fans. The Jeopardy! game show and all elements thereof, including but not limited to copyright and trademark thereto, are the property of Jeopardy Productions, Inc. and are protected under law. This website is not affiliated with, sponsored by, or operated by Jeopardy Productions, Inc. Join the discussion at JBoard.tv.